Get the Picture: Central or Pacific Division? Quiz Stats

 Plays Quiz Updated Oct 3, 2019

Score 0/15 Timer 03:00
1 Play Today
Question Answer Wrong Answers
Blackhawks Central Division
79.4%
Pacific Division
6.4%
Blues Central Division
78%
Pacific Division
6.8%
Predators Central Division
77%
Pacific Division
8.6%
Wild Central Division
76.1%
Pacific Division
8.5%
Kings Pacific Division
74.9%
Central Division
10.2%
Ducks Pacific Division
74.5%
Central Division
10%
Stars Central Division
73.4%
Pacific Division
11.3%
Sharks Pacific Division
73.4%
Central Division
11.2%
Golden Knights Pacific Division
70.3%
Central Division
14.3%
Canucks Pacific Division
68.1%
Central Division
16.6%
Jets Central Division
67%
Pacific Division
17%
Coyotes Pacific Division
63.5%
Central Division
21.7%
Avalanche Central Division
56.6%
Pacific Division
28.1%
Flames Pacific Division
52.3%
Central Division
32.5%
Oilers Pacific Division
51.3%
Central Division
33.6%

Today's Daily Dose

Missing Word
Celine Dion

Word Ladder
Dr. Seuss Books

Quick Pick
Cities in India

Get the Picture
'A' Actresses

You're not logged in!

Compare scores with friends on all Sporcle quizzes.
OR
Log In

Sporcle TV

Today on Sporcle TV


Watch our educational content, quiz creation guides, and fun videos on Sporcle TV.

Show Comments

Extras

Top Quizzes Today


Score Distribution

Your Account Isn't Verified!

In order to create a playlist on Sporcle, you need to verify the email address you used during registration. Go to your Sporcle Settings to finish the process.

Report this User

Report this user for behavior that violates our Community Guidelines.

Details: